| 000 | 01575cam a22003854a 4500 | ||
|---|---|---|---|
| 001 | 12835122 | ||
| 003 | OSt | ||
| 005 | 20210914112913.0 | ||
| 008 | 020627s2003 nyua 000 0 eng | ||
| 010 | _a 2002068951 | ||
| 020 | _a9780471372165 | ||
| 038 | _akhadija | ||
| 040 |
_aDLC _cDLC _dDLC |
||
| 042 | _apcc | ||
| 050 | 0 | 0 |
_aTA340 _b.M36 2003 |
| 082 | 0 | 0 |
_a507.2 _221 _bMAS |
| 100 | 1 |
_aMason, Robert Lee, _d1946- _982428 |
|
| 245 | 1 | 0 |
_aStatistical design and analysis of experiments : _bwith applications to engineering and science / _cRobert L. Mason, Richard F. Gunst, James L. Hess. |
| 250 | _a2nd ed. | ||
| 260 |
_aNew York : _bJ. Wiley, _c2003. |
||
| 300 |
_axix, 728 p. : _bill. ; _c24 cm. |
||
| 440 | 0 |
_aWiley series in probability and statistics _911039 |
|
| 563 | _ahardcover | ||
| 650 | 0 |
_aEngineering _xStatistical methods. _9129 |
|
| 650 | 0 |
_aScience _xStatistical methods. _934497 |
|
| 650 | 0 |
_aExperimental design. _910527 |
|
| 700 | 1 |
_aGunst, Richard F., _d1947- _982429 |
|
| 700 | 1 |
_aHess, James L. _982430 |
|
| 856 | 4 | 2 |
_3Contributor biographical information _uhttp://www.loc.gov/catdir/bios/wiley045/2002068951.html |
| 856 | 4 | 2 |
_3Publisher description _uhttp://www.loc.gov/catdir/description/wiley039/2002068951.html |
| 856 | 4 | 1 |
_3Table of contents _uhttp://www.loc.gov/catdir/toc/wiley031/2002068951.html |
| 906 |
_a7 _bcbc _corignew _d1 _eocip _f20 _gy-gencatlg |
||
| 942 |
_2ddc _cBK |
||
| 999 |
_c32567 _d32567 |
||